15 Most Populated Countries if Growth Rates Stay Fixed - By Year - Statistics

General Stats
  • This quiz has been taken 19 times
  • The average score is 20 of 22
Answer Stats
Answer % Correct
Bangladesh
100%
Brazil
100%
China
100%
D. R. Congo
100%
Egypt
100%
India
100%
Japan
100%
Niger
100%
Nigeria
100%
Pakistan
100%
Russia
100%
Tanzania
100%
United States
100%
Ethiopia
93%
Indonesia
93%
Mexico
93%
Philippines
87%
Vietnam
87%
Sudan
80%
Uganda
80%
Angola
67%
South Sudan
33%
No matching quizzes found
Score Distribution
Percent of People with Each Score
Percentile by Number Answered
Your Score History
You have not taken this quiz